A zenekultúra szolgálatában
Elmentve itt :
| Szerző: | |
|---|---|
| Adatforrás: | Meister |
| Forrásdokumentuma: | Művelődés. - 1 sz., 1994, 4-5 p. |
| Nyelv: | magyar |
| Kulcsszavak: | művelődéstörténet zenetörténet |
| LEADER | 00363nab a2200133 i 4500 | ||
|---|---|---|---|
| 001 | bibPRO00000336 | ||
| 008 | 060524s1994 xx hun | ||
| 040 | |a Sz1 | ||
| 041 | |a hun | ||
| 100 | 1 | |a BENKŐ András | |
| 245 | 1 | 2 | |a A zenekultúra szolgálatában |c BENKŐ András |
| 695 | |a művelődéstörténet | ||
| 695 | |a zenetörténet | ||
| 773 | 0 | |t Művelődés. - |g 1 sz., 1994, 4-5 p. | |